00522 a2200169 450000500170000000800410001701000140005802000110007203500130008303700150009608200080011110000140011924500720013326000300020527000920023530000250032720080905114254.0080905t xxu||||| |||| 00| 0 eng d aENG-87564 c150.00 aEN-71097 bDBAD / PUB a921 aSen, P.C. aTwo decades in Nefa and Arunachal 1954 to 1976bmemoircby P.C. Sen aWest BengalbAuthorc2007 a52, K.C. Sen Road, Sadhan Kanon, P.P. Morepukur, District-HooghlybWest Bengale712 250 a229 p.c22 cm ( Hb.)